The modern market place for estate agency: the need for research, communications and use of effective technology (Record no. 97977)

MARC details
000 -LEADER
fixed length control field 00528cam a2200169 4500
001 - CONTROL NUMBER
control field D10169
008 - FIXED-LENGTH DATA ELEMENTS--GENERAL INFORMATION
fixed length control field 090401t xxu||||| |||| 00| 0 eng d
035 ## - SYSTEM CONTROL NUMBER
System control number (Sirsi) u94311
041 ## - LANGUAGE CODE
Language code of text/sound track or separate title eng
050 ## - LIBRARY OF CONGRESS CALL NUMBER
Classification number 333.33023
100 ## - MAIN ENTRY--PERSONAL NAME
Personal name Baker, M.P.L.
245 #4 - TITLE STATEMENT
Title The modern market place for estate agency: the need for research, communications and use of effective technology
350 ## - PRICE (NR) (BK AM CF MU VM SE) [OBSOLETE]
Price 0
520 ## - SUMMARY, ETC.
Summary, etc. In RICS Annual conference 1984. 4 - 7 October, Viking Hotel, York. (Paper 4). 1984/45 ABC
942 ## - ADDED ENTRY ELEMENTS (KOHA)
Suppress in OPAC 0
948 ## - LOCAL PROCESSING INFORMATION (OCLC); SERIES PART DESIGNATOR (RLIN)
c (OCLC) 04/03/1997
Holdings
Withdrawn status Lost status Source of classification or shelving scheme Damaged status Not for loan Home library Current library Shelving location Date acquired Total Checkouts Full call number Barcode Date last seen Copy number Price effective from Koha item type
    Other/Generic Classification Scheme     London London RICS Boxes 19/04/2001   RICS 1984/45 94311-1001 06/08/2019 1 06/08/2019 Reference material